000 00535nam a22001937a 4500
005 20140312094447.0
008 140312b xxu||||| |||| 00| 0 eng d
020 _a9780072263824
080 _a004
100 _9Matthews, Marty
245 _aWindows Vista/
_cMarty Matthews;
250 _a1 st.ed.;
260 _aNew York,
_bMcGraw Hill,
_c2007,
300 _a262 f.:
_bme il.;
_c20 cm,
500 _aPƫrfshin indeksin f. 253-262
650 _aKompjuterat
650 _aKompjuterat-Programi-Softuerat
942 _2udc
_cBK
999 _c419
_d419